<?xml version="1.0" encoding="UTF-8"?>
<record
    xmlns:xsi="http://www.w3.org/2001/XMLSchema-instance"
    xsi:schemaLocation="http://www.loc.gov/MARC21/slim http://www.loc.gov/standards/marcxml/schema/MARC21slim.xsd"
    xmlns="http://www.loc.gov/MARC21/slim">

  <leader>02150cam a2200349 a 4500</leader>
  <controlfield tag="001">16193759</controlfield>
  <controlfield tag="005">20230322162059.0</controlfield>
  <controlfield tag="008">100419s2010    vaua     b    001 0 eng  </controlfield>
  <datafield tag="010" ind1=" " ind2=" ">
    <subfield code="a">  2010012948</subfield>
  </datafield>
  <datafield tag="020" ind1=" " ind2=" ">
    <subfield code="a">9781600867590 (AIAA)</subfield>
  </datafield>
  <datafield tag="020" ind1=" " ind2=" ">
    <subfield code="a">1600867596 (AIAA)</subfield>
  </datafield>
  <datafield tag="020" ind1=" " ind2=" ">
    <subfield code="a">9780470058190 (Wiley)</subfield>
  </datafield>
  <datafield tag="020" ind1=" " ind2=" ">
    <subfield code="a">0470058196 (Wiley)</subfield>
  </datafield>
  <datafield tag="035" ind1=" " ind2=" ">
    <subfield code="a">(OCoLC)ocn608490874</subfield>
  </datafield>
  <datafield tag="040" ind1=" " ind2=" ">
    <subfield code="a">DLC</subfield>
    <subfield code="c">DLC</subfield>
    <subfield code="d">BWK</subfield>
    <subfield code="d">C#P</subfield>
    <subfield code="d">FER</subfield>
    <subfield code="d">YDXCP</subfield>
    <subfield code="d">CDX</subfield>
    <subfield code="d">DEBBG</subfield>
    <subfield code="d">DLC</subfield>
  </datafield>
  <datafield tag="050" ind1="0" ind2="0">
    <subfield code="a">TL718</subfield>
    <subfield code="b">.A97 2010b</subfield>
  </datafield>
  <datafield tag="082" ind1="0" ind2="0">
    <subfield code="a">623.746</subfield>
    <subfield code="2">22</subfield>
    <subfield code="b">AUS</subfield>
  </datafield>
  <datafield tag="100" ind1="1" ind2=" ">
    <subfield code="a">Austin, Reg.</subfield>
    <subfield code="9">111149</subfield>
  </datafield>
  <datafield tag="245" ind1="1" ind2="0">
    <subfield code="a">Unmanned aircraft systems :</subfield>
    <subfield code="b">UAVs design, development and deployment /</subfield>
    <subfield code="c">Reg Austin.</subfield>
  </datafield>
  <datafield tag="260" ind1=" " ind2=" ">
    <subfield code="a">Reston, Va. :</subfield>
    <subfield code="b">American Institute of Aeronautics and Astronautics ;</subfield>
    <subfield code="a">Chichester :</subfield>
    <subfield code="b">Wiley,</subfield>
    <subfield code="c">2010.</subfield>
  </datafield>
  <datafield tag="300" ind1=" " ind2=" ">
    <subfield code="a">xxix, 332 p. :</subfield>
    <subfield code="b">ill. ;</subfield>
    <subfield code="c">26 cm.</subfield>
  </datafield>
  <datafield tag="490" ind1="1" ind2=" ">
    <subfield code="a">AIAA education series</subfield>
  </datafield>
  <datafield tag="504" ind1=" " ind2=" ">
    <subfield code="a">Includes bibliographical references and index.</subfield>
  </datafield>
  <datafield tag="505" ind1="0" ind2=" ">
    <subfield code="a">Introduction to unmanned aircraft systems (UAS) -- Introduction to design and selection of the system -- Aerodynamics and airframe configurations -- Characteristics of aircraft types -- Design standards and regulatory aspects -- Aspects of airframe design -- Design for stealth -- Payload types -- Communications -- Control and stability -- Navigation -- Launch and recovery -- Control stations -- Support equipment -- Transportation -- Design for reliability -- Design for manufacture and development -- Introduction to system development and certification -- System ground testing -- System in-flight testing -- Operational trials and full certification -- UAV system deployment -- Naval r&#xF4;les -- Army r&#xF4;les -- Air Force r&#xF4;les -- Civilian, paramilitary and commercial r&#xF4;les -- Future prospects and challenges -- UAV systems continuing evolution -- Appendix : UAS organisations.</subfield>
  </datafield>
  <datafield tag="650" ind1=" " ind2="0">
    <subfield code="a">Drone aircraft.</subfield>
    <subfield code="9">1419</subfield>
  </datafield>
  <datafield tag="650" ind1=" " ind2="0">
    <subfield code="a">Airplanes</subfield>
    <subfield code="x">Radio control.</subfield>
    <subfield code="9">1420</subfield>
  </datafield>
  <datafield tag="650" ind1=" " ind2="0">
    <subfield code="a">Navigation (Aeronautics)</subfield>
    <subfield code="9">1421</subfield>
  </datafield>
  <datafield tag="830" ind1=" " ind2="0">
    <subfield code="a">AIAA education series.</subfield>
    <subfield code="9">1422</subfield>
  </datafield>
  <datafield tag="906" ind1=" " ind2=" ">
    <subfield code="a">7</subfield>
    <subfield code="b">cbc</subfield>
    <subfield code="c">orignew</subfield>
    <subfield code="d">1</subfield>
    <subfield code="e">ecip</subfield>
    <subfield code="f">20</subfield>
    <subfield code="g">y-gencatlg</subfield>
  </datafield>
  <datafield tag="942" ind1=" " ind2=" ">
    <subfield code="2">ddc</subfield>
    <subfield code="c">BK</subfield>
  </datafield>
  <datafield tag="999" ind1=" " ind2=" ">
    <subfield code="c">594128</subfield>
    <subfield code="d">594128</subfield>
  </datafield>
  <datafield tag="952" ind1=" " ind2=" ">
    <subfield code="0">0</subfield>
    <subfield code="1">0</subfield>
    <subfield code="2">ddc</subfield>
    <subfield code="4">0</subfield>
    <subfield code="7">0</subfield>
    <subfield code="a">SMME</subfield>
    <subfield code="b">SMME</subfield>
    <subfield code="c">AL</subfield>
    <subfield code="d">2023-03-22</subfield>
    <subfield code="l">1</subfield>
    <subfield code="o">623.746 AUS</subfield>
    <subfield code="p">SMME-4138</subfield>
    <subfield code="q">2026-03-05</subfield>
    <subfield code="r">2026-02-03</subfield>
    <subfield code="s">2026-02-03</subfield>
    <subfield code="w">2023-03-22</subfield>
    <subfield code="y">BK</subfield>
  </datafield>
</record>
